Państwa graniczące z Rosją - Statystyki

Ogólne statystyki
  • Ten quiz został rozwiązany 50 razy
  • Średni wynik to 13 z 14
Statystyki odpowiedzi
Kontynent Państwo % Poprawnych
Europa Polska
100%
Europa Ukraina
100%
Europa Białoruś
98%
Azja Chiny
98%
Europa Litwa
98%
Azja Kazachstan
95%
Europa Łotwa
95%
Azja Mongolia
95%
Europa Estonia
93%
Europa Finlandia
90%
Europa Norwegia
83%
Eurazja Gruzja
79%
Azja Korea Północna
79%
Eurazja Armenia
67%
Nie znaleziono quizów pasujących do podanych kryteriów
Rozkład punktacji
Procent ludzi z każdym wynikiem
Percentyl według liczby udzielonych odpowiedzi
Twoja historia wyników
Nie rozwiązałeś tego quizu